115 Largest Cities In Mexico - Statistics

General Stats
  • This quiz has been taken 9 times
  • The average score is 37 of 115
Answer Stats
Rank City Population % Correct
3 Guadalajara 1,495,182
100%
1 Mexico City 8,851,080
100%
8 Monterrey 1,168,709
100%
6 Tijuana 1,300,983
100%
23 Cancun 628,306
88%
5 Ciudad Juarez 1,321,004
75%
96 Heroica Veracruz 126,507
75%
14 Merida 777,615
75%
4 Puebla 1,434,062
75%
38 Veracruz 428,323
75%
21 Acapulco 673,479
63%
7 Leon 1,238,962
63%
19 Mexicali 689,775
63%
62 Oaxaca 255,029
63%
61 Pachuca 256,584
63%
24 Querétaro City 626,495
63%
15 San Luis Potosi 722,772
63%
30 Tuxtla Gutierrez 537,102
63%
16 Aguascalientes 722,250
50%
67 Campeche 220,389
50%
12 Chihuahua 809,232
50%
85 Ciudad Benito Juarez 151,893
50%
51 Ciudad Victoria 305,155
50%
92 Colima 137,383
50%
11 Culiacán 905,265
50%
31 Durango City 512,311
50%
2 Ecatepec 1,655,015
50%
17 Hermosillo 715,061
50%
36 Matamoros 449,815
50%
41 Mazatlan 381,583
50%
27 Morelia 597,511
50%
10 Nezahualcóyotl 1,104,585
50%
72 Puerto Vallarta 203,342
50%
18 Saltillo 709,671
50%
32 Toluca 489,333
50%
26 Torreon 608,836
50%
95 Zacatecas 129,011
50%
76 Chilpancingo 187,251
38%
52 Ciudad Obregon 298,625
38%
48 Cuernavaca 338,650
38%
55 Ensenada 279,765
38%
42 Irapuato 380,941
38%
69 La Paz 215,178
38%
94 Manzanillo 130,035
38%
13 Naucalpan 792,211
38%
100 Naucalpan 121,470
38%
70 Nogales 212,533
38%
43 Nuevo Laredo 373,725
38%
87 Piedras Negras 150,178
38%
28 Reynosa 589,466
38%
49 Tepic 332,863
38%
58 Uruapan 264,439
38%
45 Villahermosa 353,577
38%
39 Xalapa 424,755
38%
47 Celaya 340,387
25%
86 Chetumal 151,243
25%
79 Ciudad del Carmen 169,466
25%
97 Ciudad Valles 124,644
25%
66 Coatzacoalcos 235,983
25%
90 Cordoba 140,896
25%
105 Delicias 118,071
25%
101 Fresnillo 120,944
25%
46 General Escobedo 352,444
25%
59 Gomez Palacio 257,352
25%
20 Guadalupe 673,616
25%
98 Guadalupe 124,623
25%
50 Ixtapaluca 322,271
25%
60 Los Mochis 256,613
25%
68 Monclova 215,271
25%
102 Orizaba 120,844
25%
88 Playa Del Carmen 149,923
25%
77 Poza Rica 185,242
25%
53 Tampico 297,284
25%
73 Tapachula 202,672
25%
112 Texcoco 105,165
25%
29 Tlaquepaque 575,942
25%
44 Xico 356,352
25%
9 Zapopan 1,142,483
25%
25 Chimalhuacan 612,383
13%
93 Ciudad Acuna 134,233
13%
107 Ciudad Cuauhtemoc 114,007
13%
33 Ciudad Lopez Mateos 489,160
13%
110 Minatitlan 112,046
13%
64 Tehuacan 248,716
13%
22 Tlalnepantla 653,410
13%
89 Zamora 141,627
13%
71 Buenavista 206,081
0%
80 Chalco de Diaz Covarrubias 168,720
0%
78 Chicoloapan de Juarez 172,919
0%
35 Ciudad Apodaca 467,157
0%
106 Ciudad de Villa de Alvarez 117,600
0%
74 Ciudad Madero 197,216
0%
54 Ciudad Nicolas Romero 281,799
0%
56 Coacalco de Berriozabal 277,959
0%
111 Cuautitlan 108,449
0%
34 Cuautitlán Izcalli 484,573
0%
84 Cuautla 154,358
0%
109 Guaymas 113,082
0%
113 Hidalgo del Parral 104,836
0%
104 Iguala 118,468
0%
81 Jiutepec 162,427
0%
103 Miramar 118,614
0%
108 Navojoa 113,836
0%
65 Ojo de Agua 242,272
0%
82 Salamanca 160,169
0%
91 San Juan del Rio 138,878
0%
83 San Luis Río Colorado 158,089
0%
37 San Nicolas 443,273
0%
75 San Pablo de las Salinas 189,453
0%
99 San Pedro Garza García 122,627
0%
57 Santa Catarina 268,347
0%
63 Soledad de Graciano Sanchez 255,015
0%
114 Tepexpan 102,667
0%
40 Tonala 408,759
0%
115 Tulancingo 102,406
0%
No matching quizzes found
Score Distribution
Percent of People with Each Score
Percentile by Number Answered
Your Score History
You have not taken this quiz